MDQL
is popping MORE tags! Check the
thread
!
Quizzes
Events
Quiz Creation
Community
Videos
Private Events
Remove Ads
Sign In
Join for FREE
Feedback
Dark Mode
Quiz Categories
Sports
Geography
Music
Movies
Television
Just For Fun
Miscellaneous
History
Literature
Language
Science
Gaming
Entertainment
Religion
Holiday
For Kids
Quiz Lab
Recent
Popular Today
Quiz Kudos Today
Editor Picks
Curator Picks
Quizzes by...
Day
Popularity
Type
Ratings
Length
Year
Community
Subscriptions
Recent Discussions
Orange Saloon
Badges
Playlists
Quests
Create
Leaderboards
Showdown
Live 5
Trivia Bingo
Activity
Puzzle Library
Sporcle Events
Private Events
Virtual Trivia
Globe League
Become a Host
Pub Owners
SporcleCon
Opinionation
Our Games
Videos
Blog
Mobile Apps
Partnerships
Remove Ads and Go Orange
Feedback
Gaming
Video Games
Board Games
Card Games
Pokémon
Mario
Nintendo
Minecraft
Console
Toys
Legend of Zelda
Gaming
Video Games
Board Games
Card Games
Pokémon
Mario
Nintendo
Minecraft
Console
Toys
Legend of Zelda
Random Quiz
Search Sporcle
×
Quiz Lab
Quiz Lab
Gaming
Artist
Type in answers that appear in a list
Type in answers that appear in a list
Classic
Best Score? Go Orange.
Rock Band DLC Part 4 Stats
Can you name the Rock Band DLC Part 4?
By
mrpotwtf69
15m
153 Questions
20 Plays
20 Plays
20 Plays
Comments
Comments
Give Quiz Kudos
Give Quiz Kudos
-
- Ratings
hide this ad
More Info
Replay
Link that replays current quiz
Next Quiz
Link to next quiz in quiz playlist
You Got
0%
They Got
Avg Score
15%
Avg Friend Score
Upgrade to see
Score Distribution
Jump to the score distribution portion of the page
Score
0/153
Timer
15:00
0
Plays Today
Artist
Song Name
% Correct
Foo Fighters
Monkey Wrench
55%
Pearl Jam
Jeremy
45%
Foo Fighters
My Hero
40%
Stevie Ray Vaughn and Double Trouble
Texas Flood
40%
Pearl Jam
Even Flow
40%
Dead Kennedys
Holiday in Cambodia
35%
No Doubt
Don't Speak
35%
Lenny Kravitz
Are You Gonna Go My Way
35%
Steve Miller Band
The Joker
35%
Pearl Jam
Black
35%
Journey
Don't Stop Believing
35%
No Doubt
Spiderwebs
30%
The Pretenders
Blue Christmas
30%
Deep Purple
Space Truckin'
30%
Jimmy Eat World
Sweetness
30%
Stevie Ray Vaughn and Double Trouble
Pride and Joy
30%
Foo Fighters
Doll
25%
No Doubt
Hey Baby
25%
James Gang
Funk #49
25%
Steve Miller Band
Space Cowboy
25%
Steve Miller Band
Take the Money and Run
25%
Godsmack
I Stand Alone
25%
Thin Lizzy
The Boys Are Back in Town (Live)
25%
Thin Lizzy
Jailbreak (Live)
25%
White Zombie
More Human Than Human
25%
Stevie Ray Vaughn and Double Trouble
Testify
25%
R.E.M.
Losing My Religion
25%
Papa Roach
Last Resort
25%
Papa Roach
Lifeline
25%
The Von Bondies
C'mon C'mon
25%
Spongebob Squarepants
The Best Day Ever
25%
Dead Kennedys
Police Truck
20%
In This Moment
Forever
20%
Lacuna Coil
Closer
20%
Soundgarden
Jesus Christ Pose
20%
Tokio Hotel
Ready, Set, Go!
20%
Brooks & Dunn
Hillbilly Deluxe
20%
Dixie Chicks
Sin Wagon
20%
Miranda Lambert
Gunpowder & Lead
20%
Foo Fighters
DOA
20%
Jethro Tull
Hymn 43
20%
Roy Orbison
In Dreams
20%
Roy Orbison
Oh, Pretty Woman
20%
Roy Orbison
Ooby Dooby
20%
Megasus
Megasus
20%
Belly
Feed the Tree
20%
Thin Lizzy
Cowboy Song (Live)
20%
Pat Benatar
Hit Me With Your Best Shot
20%
The Fratellis
Henrietta
20%
Jimmy Eat World
Lucky Denver Mint
20%
No Doubt
New
20%
Artist
Song Name
% Correct
Stevie Ray Vaughn and Double Trouble
Rude Mood
20%
Earth, Wind, & Fire
Shining Star
20%
Pearl Jam
Once
20%
Pearl Jam
Why Go
20%
Pat Benatar
Heartbreaker
20%
Mission Of Burma
Mica
15%
Lacuna Coil
Swamped
15%
Crooked X
Gone
15%
Children of Bodom
Are You Dead Yet?
15%
Miranda Cosgrove
Headphones On
15%
Squeeze
Tempted
15%
The Naked Brothers Band
I Don't Want to Go to School
15%
No Doubt
Just a Girl
15%
No Doubt
Bathwater
15%
Barnaked Ladies
Hanukkah Blessings
15%
Billy Squier
Christmas Is the Time to Say I Love You
15%
Roy Orbison
Mean Woman Blues
15%
Roy Orbison
You Got It
15%
Lenny Kravitz
Freedom Train
15%
Lenny Kravitz
Mr. Cab Driver
15%
Mute Math
Typical
15%
Rob Zombie
War Zone
15%
The Fratellis
Creepin' Up the Backstairs
15%
The Fratellis
Flathead
15%
White Zombie
Black Sunshine
15%
Drive-
By Truckers
3 Dimes Down
15%
Steve Earle
Satellite Radio
15%
Jimmy Eat World
Futures
15%
Stevie Ray Vaughn and Double Trouble
Lenny
15%
The Offspring
All I Want
15%
The Offspring
The Kids Aren't Alright
15%
Against Me!
Thrash Unreal
15%
Pearl Jam
Oceans
15%
Pearl Jam
Porch
15%
Pearl Jam
Release
15%
Foo Fighters
Hey, Johnny Park!
10%
Foo Fighters
My Poor Brain
10%
Foo Fighters
Up In Arms
10%
Foo Fighters
See You
10%
Foo Fighters
Enough Space
10%
Foo Fighters
February Stars
10%
Mission Of Burma
That's How I Escaped My Certain Fate
10%
Mission Of Burma
That's When I Reach For My Revolver
10%
Yngwie Malmsteen's Rising Force
Caprici Di Diablo
10%
Yngwie Malmsteen's Rising Force
Red Devil
10%
Lamb of God
Laid to Rest
10%
All American-
Rejects
Real World
10%
The Naked Brothers Band
Body I Occupy
10%
No Doubt
It's My Life
10%
No Doubt
Hella Good
10%
No Doubt
Excuse Me Mr.
10%
Artist
Song Name
% Correct
No Doubt
Ex-Girlfriend
10%
Foo Fighters
This Is a Call
10%
Foo Fighters
Times Like These
10%
Snow Patrol
Take Back the City
10%
Roy Orbison
Claudette
10%
Lenny Kravitz
Let Love Rule
10%
Ghost Hounds
Wind Me Up
10%
Grateful Dead
Cold Rain and Snow
10%
Grateful Dead
Fire on the Mountain
10%
Turbonegro
Wasted Again
10%
Lucinda Williams
Can't Let Go
10%
Old 97s
Time Bomb (Live)
10%
Stevie Ray Vaughn and Double Trouble
Tell Me
10%
Richard Thompson
The Way That It Shows
10%
Average White Band
Pick Up the Pieces
10%
Pearl Jam
Garden
10%
Pearl Jam
Deep
10%
Pearl Jam
Master|Slave
10%
Glasvegas
Geraldine
10%
Spongebob Squarepants
Where's Gary?
10%
Foo Fighters
Walking After You
5%
Foo Fighters
New Way Home
5%
Yngwie Malmsteen's Rising Force
Damnation Game
5%
Soundgarden
Pretty Noose
5%
No Doubt
Sunday Morning
5%
No Doubt
Underneath It All
5%
Honest Bob and the Factory-
to-
Dealer Incentives
Entangled
5%
Grateful Dead
Don't Ease Me In
5%
Grateful Dead
Hell in a Bucket
5%
Grateful Dead
Uncle John's Band
5%
The Pretenders
Precious
5%
Nikko
Break My Heart
5%
Nikko
Don't Tell Me
5%
Neko Case
People Got a Lotta Nerve
5%
Stevie Ray Vaughn and Double Trouble
Love Struck Baby
5%
Stevie Ray Vaughn and Double Trouble
Mary Had a Little Lamb
5%
Stevie Ray Vaughn and Double Trouble
Dirty Pool
5%
Stevie Ray Vaughn and Double Trouble
I'm Cryin'
5%
Spongebob Squarepants
I Can't Keep My Eyes Off of You
5%
Foo Fighters
Wind Up
0%
Dead Kennedys
Calfornia Uber Alles
0%
Finley
Tutto E' Possibile
0%
Platero y Tu
Hay Poco Rock N Roll
0%
No Doubt
Running
0%
No Doubt
Simple Kind of Life
0%
Brad Paisley
Mud on the Trees
0%
Dierks Bentley
Free and Easy (Down the Road I Go)
0%
Grateful Dead
Doin' the Rag
0%
James Brown
Get Up (I Feel Like Being) a Sex Machine - Pt 1
0%
The New Pornographers
All the Things That Go to Make Heaven and Earth
0%
The New Pornographers
Use It
0%
Quiz Playlist
Details
Report
Send in Message
Add To Playlist
More Info:
Part 4 in Rock Band DLC. These songs were released during the following dates November 11th 2008 to March 31st 2009.
Classic:
Type in answers that appear in a list
Quiz Source
Last Updated: Feb 16, 2017
Quiz Scoreboard
CHALLENGE
Sign Up to Join the Scoreboard
Show All
Scores
Hide
Comments
May contain spoilers
Recently Published
1-10 Letter E Words III
by El_Dandy
Language
2m
Street Fighter Characters
by Artimus82
Gaming
60s
College Basketball Coaching Resumes
by pancakes188
Sports
9m
More to Explore
Quiz From the Vault
Featured Blog Post
Where Did the Easter Bunny Come From?
hide this ad
You Might Also Like...
Tags
Artist Quiz
Bands Quiz
Rock Quiz
Song Quiz
dlc
DLC Part
pack
Rock Band
Single
Today's Top Quizzes in Gaming
Browse Gaming
hide this ad
Today's Top Quizzes in Artist
Browse Artist
Top Contributed Quizzes in Gaming
1
5-to-1: Consoles
2
7-to-1: Board Game Piece Blitz
3
5-to-1: Legend of Zelda
4
League of Legends Pro Players by Career/Team History
5
Destiny 2 exotic weapons by perk icons
6
Ultimate Genshin Impact Logic Puzzle (up to 4.3)
7
Quick Pick: Video Games Lost in Translation
8
Franchise by Action Figure
9
Who's on the WWE 2K24 Cover?
10
Genshin Impact Logic Puzzle Quiz
Explore More
Trending Topics
NBA
Crossword
Disney
Marvel
Anime
Harry Potter
Kpop
Puzzle
Soccer
Pokémon
WWE
The Office
Song
Country
NFL
hide this ad
More By:
mrpotwtf69
Quiz
Plays
Rating
Category
Featured
Created
Best Selling Videogames in Japan
364
5.00
Gaming
Nov 24, 2010
Gorillaz Songs
320
3.00
Music
Jan 13, 2010
Iced Earth Songs
315
3.83
Music
Mar 2, 2010
Top 100 Albums of All Time
299
3.20
Music
Feb 13, 2010
Indie Game (Pic.) 1
252
4.20
Gaming
Jan 23, 2013
Go to Creator's Profile
Score Distribution
Quiz Creator Spotlight
mrpotwtf69
Follow
Send a Message
Quizzes Created
-
Created Quiz Play Count
-
More By This Creator
Popular Quizzes Today
1
Find the US States - No Outlines Minefield
2
Find the Countries of Europe - No Outlines Minefield
3
The Countries of the World
4
Find the US States
5
Risky Map Clicking: Biggest States A-Z
6
US States
7
Popular People in 1961
8
Movies - When Are They Set?
More Gaming Quizzes
GameCube Accessories
Editor's Pick
Trending Quizzes
Risky Map Clicking: Least Populous States A-Z
1-10 Letter G Words
USA Borders Longest to Shortest
1-10 Letter F Words
Countries of the World: 200 Million BC
Recently Updated
Leaping Animals
pecheneg
Reality TV Shows (A-Z)
bhenderson79
Rickey Henderson's Hall of Fame Teammates
pecheneg
Champions League XIs: Arsenal
pecheneg
Quick Pick: Celebrities in WWE's Hall of Fame
aduchscher
A-Z Keypad Blitz II
pecheneg
Multiple Oscar Actors
pecheneg
Mystery Phrase Blitz: Oscar 'Best Actors'
pecheneg
F. Scott Fitzgerald Novels
LTH
Pick 3 Villains
ddd62291
Trending Topics
NBA
Disney
Marvel
Crossword
Kpop
Harry Potter
Anime
The Office
WWE
Country
Soccer
Puzzle
NFL
Song
Pokémon
Your Account Isn't Verified!
In order to create a playlist on Sporcle, you need to verify the email address you used during registration. Go to your
Sporcle Settings
to finish the process.
Report this User
Report this user for behavior that violates our
Community Guidelines
.
Details:
Send Report
Go to the Sporcle.com Mobile Site →
Comments